| 000 | 00349nam a2200133Ia 4500 | ||
|---|---|---|---|
| 008 | 240624s9999 xx 000 0 und d | ||
| 041 | _aeng | ||
| 082 | _a650.1 ASA | ||
| 100 | _aASACKER TOM | ||
| 245 | _aSANDBOX WISDOM REVOLUTIONIZE YOUR BUSINE | ||
| 260 |
_c2004 _aNew Delhi _bPearson Education |
||
| 300 | _aix, : 121 : p. : cm. ; 22 | ||
| 365 | _cRS | ||
| 999 |
_c3004 _d3004 |
||